Buenaventura correoso, El Hombre /

Salvato in:
Dettagli Bibliografici
Autore principale: Ríos Torres, Ricardo
Natura: testo
Tags: Aggiungi Tag
Nessun Tag, puoi essere il primo ad aggiungerne!!

MARC

LEADER 00000 a a2200000 04500
001 45672
003
040 |a CRAI/IIS  |c CRAI/IIS 
100 |a Ríos Torres, Ricardo  
245 |a Buenaventura correoso, El Hombre /  |c Ricardo Arturo Ríos Torres  
773 |g número503 (2012), páginas 7-11  
999 |c 18362  |d 18362